000 00201nam a2200097Ia 4500
008 120527s9999 xx 000 0 und d
100 _aAPBN
245 _aCritical issues
260 _bAPBN
942 _cBK
999 _c24129
_d24129